[Event "Poznan Chess Festival"]
[Site "chess24.com"]
[Date "2021.08.18"]
[Round "5"]
[White "Jaskolka, Tomasz"]
[Black "Szymanski, Zbigniew"]
[Result "1/2-1/2"]
[Board "6"]
[WhiteElo "2220"]
[WhiteTitle "CM"]
[WhiteCountry "POL"]
[WhiteFideId "1170791"]
[WhiteEloChange "-8"]
[BlackElo "1793"]
[BlackCountry "POL"]
[BlackFideId "1180916"]
[BlackEloChange "8"]

1. d4 {[%clk 1:30:59]} d6 {[%clk 1:30:53]} 2. Bf4 {[%clk 1:31:25]} Nf6 {[%clk
1:30:54]} 3. Nc3 {[%clk 1:31:49]} Nbd7 {[%clk 1:30:29]} 4. Nf3 {[%clk 1:32:14]}
c6 {[%clk 1:30:26]} 5. e4 {[%clk 1:31:30]} Qa5 {[%clk 1:29:06]} 6. e5 {[%clk
1:23:29]} dxe5 {[%clk 1:20:15]} 7. dxe5 {[%clk 1:23:55]} Nd5 {[%clk 1:16:09]} 8.
Qd2 {[%clk 1:22:17]} Nxc3 {[%clk 1:15:12]} 9. bxc3 {[%clk 1:22:35]} Nc5 {[%clk
1:13:20]} 10. Bd3 {[%clk 1:21:32]} Bg4 {[%clk 1:11:57]} 11. Nd4 {[%clk 1:21:07]}
e6 {[%clk 1:10:42]} 12. O-O {[%clk 1:21:04]} O-O-O {[%clk 1:06:48]} 13. Be3
{[%clk 1:16:22]} Na4 {[%clk 1:02:26]} 14. f3 {[%clk 1:13:27]} Bh5 {[%clk
1:01:20]} 15. Nb3 {[%clk 1:12:25]} Qxc3 {[%clk 0:57:21]} 16. Qf2 {[%clk 1:12:07]}
Bg6 {[%clk 0:49:38]} 17. Bxa7 {[%clk 0:53:04]} Bxd3 {[%clk 0:38:16]} 18. cxd3
{[%clk 0:53:30]} Qxd3 {[%clk 0:35:42]} 19. Rac1 {[%clk 0:46:23]} Rd5 {[%clk
0:28:29]} 20. Rc2 {[%clk 0:37:08]} Ba3 {[%clk 0:19:51]} 21. Rd2 {[%clk 0:29:55]}
Qc4 {[%clk 0:18:36]} 22. Rxd5 {[%clk 0:30:15]} Qxd5 {[%clk 0:18:19]} 23. Qg3
{[%clk 0:29:05]} Rd8 {[%clk 0:08:48]} 24. Qxg7 {[%clk 0:25:47]} b6 {[%clk
0:08:00]} 25. Qxh7 {[%clk 0:18:54]} Qd7 {[%clk 0:07:02]} 26. Qe4 {[%clk 0:18:42]}
Nc5 {[%clk 0:06:17]} 27. Nxc5 {[%clk 0:18:02]} Bxc5+ {[%clk 0:06:38]} 28. Kh1
{[%clk 0:18:30]} Qxa7 {[%clk 0:06:39]} 29. Qxc6+ {[%clk 0:18:56]} Kb8 {[%clk
0:05:04]} 30. Rb1 {[%clk 0:18:46]} Qxa2 {[%clk 0:02:08]} 31. Rxb6+ {[%clk
0:18:54]} Bxb6 {[%clk 0:02:34]} 32. Qxb6+ {[%clk 0:19:21]} Kc8 {[%clk 0:02:41]}
33. Qc6+ {[%clk 0:19:46]} Kb8 {[%clk 0:03:05]} 34. Qb6+ {[%clk 0:20:14]} Ka8
{[%clk 0:03:01]} 1/2-1/2

[Event "Poznan Chess Festival"]
[Site "chess24.com"]
[Date "2021.08.18"]
[Round "5"]
[White "Raczynski, Krzysztof"]
[Black "Baranska, Monika"]
[Result "1-0"]
[Board "8"]
[WhiteElo "2212"]
[WhiteCountry "POL"]
[WhiteFideId "1172549"]
[WhiteEloChange "2"]
[BlackElo "1767"]
[BlackCountry "POL"]
[BlackFideId "1130382"]
[BlackEloChange "-2"]

1. f4 {[%clk 1:30:53]} d5 {[%clk 1:30:55]} 2. Nf3 {[%clk 1:31:13]} Nf6 {[%clk
1:30:19]} 3. g3 {[%clk 1:31:32]} c6 {[%clk 1:27:57]} 4. Bg2 {[%clk 1:31:49]} Bf5
{[%clk 1:25:31]} 5. O-O {[%clk 1:31:13]} e6 {[%clk 1:24:43]} 6. d3 {[%clk
1:29:12]} Bc5+ {[%clk 1:24:08]} 7. e3 {[%clk 1:27:48]} O-O {[%clk 1:23:02]} 8. h3
{[%clk 1:24:42]} h5 {[%clk 1:18:39]} 9. Nc3 {[%clk 1:19:54]} Nbd7 {[%clk
1:10:41]} 10. Kh2 {[%clk 1:13:29]} Qc7 {[%clk 1:05:57]} 11. Nh4 {[%clk 1:11:04]}
Bg6 {[%clk 1:01:37]} 12. e4 {[%clk 1:05:49]} Bh7 {[%clk 0:49:51]} 13. e5 {[%clk
1:03:48]} Ne8 {[%clk 0:48:04]} 14. d4 {[%clk 0:58:52]} Be7 {[%clk 0:46:49]} 15.
Qxh5 {[%clk 0:54:04]} Bxc2 {[%clk 0:43:43]} 16. Be3 {[%clk 0:45:02]} Bd3 {[%clk
0:36:48]} 17. Rf2 {[%clk 0:42:55]} c5 {[%clk 0:36:24]} 18. f5 {[%clk 0:38:05]}
Bxh4 {[%clk 0:28:41]} 19. Qxh4 {[%clk 0:37:56]} cxd4 {[%clk 0:22:27]} 20. Bxd4
{[%clk 0:35:34]} Be4 {[%clk 0:15:06]} 21. Nxe4 {[%clk 0:31:45]} dxe4 {[%clk
0:15:34]} 22. Bxe4 {[%clk 0:31:28]} 1-0

[Event "Poznan Chess Festival"]
[Site "chess24.com"]
[Date "2021.08.18"]
[Round "5"]
[White "Kowalewicz, Kacper"]
[Black "Michalski, Karol"]
[Result "1/2-1/2"]
[Board "9"]
[WhiteElo "1778"]
[WhiteCountry "POL"]
[WhiteFideId "1151339"]
[WhiteEloChange "6"]
[BlackElo "2010"]
[BlackCountry "POL"]
[BlackFideId "1110845"]
[BlackEloChange "-6"]

1. Nf3 {[%clk 1:30:55]} d5 {[%clk 1:30:54]} 2. d4 {[%clk 1:31:21]} Nf6 {[%clk
1:31:10]} 3. Bf4 {[%clk 1:31:35]} c5 {[%clk 1:31:23]} 4. e3 {[%clk 1:31:46]} Nc6
{[%clk 1:27:59]} 5. Nbd2 {[%clk 1:32:08]} Bf5 {[%clk 1:22:52]} 6. dxc5 {[%clk
1:29:48]} e6 {[%clk 1:23:14]} 7. Nb3 {[%clk 1:27:58]} Bxc5 {[%clk 1:23:39]} 8.
Be2 {[%clk 1:23:52]} Bb6 {[%clk 1:13:31]} 9. O-O {[%clk 1:24:09]} O-O {[%clk
1:06:19]} 10. c4 {[%clk 1:22:51]} Qe7 {[%clk 1:00:43]} 11. Rc1 {[%clk 1:18:05]}
dxc4 {[%clk 0:48:56]} 12. Bxc4 {[%clk 1:15:48]} e5 {[%clk 0:49:19]} 13. Bg5
{[%clk 1:14:46]} h6 {[%clk 0:45:29]} 14. Bxf6 {[%clk 1:10:51]} Qxf6 {[%clk
0:44:29]} 15. Qe2 {[%clk 1:02:29]} e4 {[%clk 0:28:03]} 16. Nfd4 {[%clk 1:02:54]}
Nxd4 {[%clk 0:23:48]} 17. Nxd4 {[%clk 1:03:14]} Bxd4 {[%clk 0:24:11]} 18. exd4
{[%clk 1:03:41]} Qxd4 {[%clk 0:24:19]} 19. Rfd1 {[%clk 1:04:06]} Qb6 {[%clk
0:24:03]} 20. Rd5 {[%clk 0:56:44]} Bg6 {[%clk 0:21:59]} 21. Rb5 {[%clk 0:56:08]}
Qc7 {[%clk 0:20:32]} 22. Rc5 {[%clk 0:55:58]} Qf4 {[%clk 0:20:24]} 23. Bd5 {[%clk
0:55:32]} Rad8 {[%clk 0:19:17]} 24. g3 {[%clk 0:55:27]} Qb8 {[%clk 0:17:06]} 25.
Qg4 {[%clk 0:55:03]} Kh7 {[%clk 0:17:17]} 26. Bxe4 {[%clk 0:46:13]} Rd2 {[%clk
0:14:09]} 27. Rc7 {[%clk 0:17:06]} Qd8 {[%clk 0:09:43]} 28. Qf4 {[%clk 0:01:59]}
1/2-1/2

[Event "Poznan Chess Festival"]
[Site "chess24.com"]
[Date "2021.08.18"]
[Round "5"]
[White "Grzelak, Marcin"]
[Black "Kaczmarek, Jan"]
[Result "0-1"]
[Board "10"]
[WhiteElo "1978"]
[WhiteCountry "POL"]
[WhiteFideId "1133519"]
[WhiteEloChange "-18"]
[BlackElo "1337"]
[BlackCountry "POL"]
[BlackFideId "21059276"]
[BlackEloChange "18"]

1. e4 {[%clk 1:30:57]} c5 {[%clk 1:30:48]} 2. d4 {[%clk 1:30:56]} cxd4 {[%clk
1:31:05]} 3. c3 {[%clk 1:31:24]} dxc3 {[%clk 1:31:11]} 4. Nxc3 {[%clk 1:31:49]}
e6 {[%clk 1:31:04]} 5. Nf3 {[%clk 1:31:59]} Nc6 {[%clk 1:31:16]} 6. Bc4 {[%clk
1:32:03]} Nge7 {[%clk 1:31:03]} 7. Bg5 {[%clk 1:30:13]} h6 {[%clk 1:31:13]} 8.
Nb5 {[%clk 1:25:16]} d5 {[%clk 1:31:31]} 9. exd5 {[%clk 1:15:09]} hxg5 {[%clk
1:31:34]} 10. dxe6 {[%clk 0:52:05]} Bxe6 {[%clk 1:28:30]} 11. Nd6+ {[%clk
0:46:31]} Qxd6 {[%clk 1:28:54]} 12. Qxd6 {[%clk 0:46:54]} Rd8 {[%clk 1:27:41]}
13. Qc5 {[%clk 0:37:44]} Nf5 {[%clk 1:27:42]} 14. Qb5 {[%clk 0:37:41]} Bb4+
{[%clk 1:27:56]} 15. Kf1 {[%clk 0:37:07]} Nd6 {[%clk 1:28:09]} 16. Qxg5 {[%clk
0:35:43]} Bxc4+ {[%clk 1:28:32]} 17. Kg1 {[%clk 0:35:48]} O-O {[%clk 1:28:41]}
18. Nd2 {[%clk 0:29:32]} f6 {[%clk 1:25:46]} 19. Qf4 {[%clk 0:28:05]} g5 {[%clk
1:25:26]} 20. Qe3 {[%clk 0:28:02]} Rfe8 {[%clk 1:23:59]} 21. Nxc4 {[%clk
0:24:38]} Rxe3 {[%clk 1:20:14]} 22. Nxe3 {[%clk 0:25:06]} Ne4 {[%clk 1:14:31]}
23. h4 {[%clk 0:21:23]} Rd2 {[%clk 1:07:00]} 24. Nd1 {[%clk 0:21:36]} g4 {[%clk
0:58:25]} 25. Rh2 {[%clk 0:03:32]} g3 {[%clk 0:56:16]} 26. Rh3 {[%clk 0:02:52]}
gxf2+ {[%clk 0:55:50]} 27. Kf1 {[%clk 0:02:33]} Nd4 {[%clk 0:53:21]} 28. g4
{[%clk 0:01:32]} Re2 {[%clk 0:53:10]} 29. Ne3 {[%clk 0:01:37]} Re1+ {[%clk
0:53:21]} 0-1

[Event "Poznan Chess Festival"]
[Site "chess24.com"]
[Date "2021.08.18"]
[Round "5"]
[White "Lanin, Boris Dr"]
[Black "Dopierala, Adam"]
[Result "1-0"]
[Board "11"]
[WhiteElo "1949"]
[WhiteCountry "RUS"]
[WhiteFideId "4198166"]
[WhiteEloChange "2"]
[BlackElo "1582"]
[BlackCountry "POL"]
[BlackFideId "21878960"]
[BlackEloChange "-2"]

1. e4 {[%clk 1:19:59]} c6 {[%clk 1:30:40]} 2. Nc3 {[%clk 1:20:08]} d5 {[%clk
1:30:27]} 3. Nf3 {[%clk 1:20:34]} dxe4 {[%clk 1:30:39]} 4. Nxe4 {[%clk 1:20:58]}
Bf5 {[%clk 1:31:01]} 5. Ng3 {[%clk 1:21:22]} Bg6 {[%clk 1:31:27]} 6. h4 {[%clk
1:21:44]} h6 {[%clk 1:31:34]} 7. Ne5 {[%clk 1:22:01]} Bh7 {[%clk 1:27:09]} 8. Qh5
{[%clk 1:20:44]} g6 {[%clk 1:27:00]} 9. Qf3 {[%clk 1:21:09]} Nf6 {[%clk 1:25:56]}
10. Qb3 {[%clk 1:21:34]} Qd5 {[%clk 1:05:31]} 11. Qxb7 {[%clk 1:21:24]} Qxe5+
{[%clk 1:05:57]} 12. Be2 {[%clk 1:21:30]} e6 {[%clk 1:04:50]} 13. Qxa8 {[%clk
1:15:46]} Bc5 {[%clk 1:04:49]} 14. d4 {[%clk 1:07:41]} Bxd4 {[%clk 1:04:33]} 15.
c3 {[%clk 1:00:21]} Bxc3+ {[%clk 0:56:39]} 16. Kf1 {[%clk 1:00:08]} O-O {[%clk
0:35:48]} 17. Bxh6 {[%clk 0:55:34]} Bxb2 {[%clk 0:35:11]} 18. Rd1 {[%clk
0:53:59]} Re8 {[%clk 0:32:14]} 19. Qxa7 {[%clk 0:53:42]} Nh5 {[%clk 0:30:22]} 20.
Nxh5 {[%clk 0:50:49]} gxh5 {[%clk 0:30:47]} 21. Rh3 {[%clk 0:50:40]} Bg6 {[%clk
0:26:55]} 22. Bd3 {[%clk 0:48:26]} Bd4 {[%clk 0:18:58]} 23. Qa4 {[%clk 0:43:49]}
Qf6 {[%clk 0:16:16]} 24. Rf3 {[%clk 0:43:59]} Bxd3+ {[%clk 0:14:31]} 25. Rdxd3
{[%clk 0:43:21]} Qxh6 {[%clk 0:14:19]} 26. Qxd4 {[%clk 0:43:09]} f5 {[%clk
0:11:27]} 27. Rg3+ {[%clk 0:42:54]} Kf7 {[%clk 0:11:35]} 28. Rg5 {[%clk 0:43:01]}
Qh8 {[%clk 0:08:36]} 29. a4 {[%clk 0:42:33]} c5 {[%clk 0:07:55]} 30. Qxc5 {[%clk
0:40:34]} Re7 {[%clk 0:06:14]} 31. Qd4 {[%clk 0:38:42]} Qxd4 {[%clk 0:04:10]} 32.
Rxd4 {[%clk 0:39:11]} Nc6 {[%clk 0:04:33]} 33. Rd1 {[%clk 0:39:03]} Ra7 {[%clk
0:04:49]} 34. Ra1 {[%clk 0:39:32]} Ra5 {[%clk 0:04:54]} 35. Rxh5 {[%clk 0:39:46]}
Nd4 {[%clk 0:05:02]} 36. Rh7+ {[%clk 0:39:32]} Kg6 {[%clk 0:05:06]} 37. Rb7
{[%clk 0:39:44]} Kh5 {[%clk 0:05:16]} 38. g3 {[%clk 0:39:29]} e5 {[%clk 0:05:15]}
39. Kg2 {[%clk 0:38:44]} Kg4 {[%clk 0:01:54]} 40. f3+ {[%clk 0:38:35]} Kh5 {[%clk
0:02:21]} 41. Rg7 {[%clk 0:37:35]} Ne6 {[%clk 0:02:02]} 42. g4+ {[%clk 0:37:28]}
Kh6 {[%clk 0:01:34]} 43. Re7 {[%clk 0:37:27]} Nf4+ {[%clk 0:01:38]} 44. Kg3
{[%clk 0:37:30]} Ne2+ {[%clk 0:01:53]} 45. Kf2 {[%clk 0:37:54]} Nd4 {[%clk
0:02:09]} 46. g5+ {[%clk 0:37:35]} Kg6 {[%clk 0:02:31]} 47. Rd7 {[%clk 0:37:23]}
f4 {[%clk 0:02:27]} 48. Rd6+ {[%clk 0:37:20]} Kg7 {[%clk 0:02:46]} 49. h5 {[%clk
0:37:05]} Nf5 {[%clk 0:02:38]} 50. Rd7+ {[%clk 0:36:52]} Kg8 {[%clk 0:02:44]} 51.
Rb1 {[%clk 0:36:44]} 1-0

[Event "Poznan Chess Festival"]
[Site "chess24.com"]
[Date "2021.08.18"]
[Round "5"]
[White "Mackiewicz, Piotr"]
[Black "Twardowski, Hubert"]
[Result "1/2-1/2"]
[Board "12"]
[WhiteElo "1771"]
[WhiteCountry "POL"]
[WhiteFideId "1139657"]
[WhiteEloChange "3"]
[BlackElo "1877"]
[BlackCountry "POL"]
[BlackFideId "1190415"]
[BlackEloChange "-3"]

1. d4 {[%clk 1:30:49]} Nf6 {[%clk 1:30:54]} 2. c4 {[%clk 1:31:08]} c5 {[%clk
1:31:17]} 3. Nf3 {[%clk 1:31:26]} g6 {[%clk 1:28:47]} 4. Nc3 {[%clk 1:30:57]} Bg7
{[%clk 1:21:27]} 5. g3 {[%clk 1:30:34]} O-O {[%clk 1:13:14]} 6. Bg2 {[%clk
1:31:00]} cxd4 {[%clk 1:13:38]} 7. Nxd4 {[%clk 1:31:25]} Nc6 {[%clk 1:13:59]} 8.
O-O {[%clk 1:22:41]} Qb6 {[%clk 1:04:23]} 9. Nxc6 {[%clk 1:19:51]} dxc6 {[%clk
1:01:19]} 10. Qc2 {[%clk 1:19:30]} e5 {[%clk 0:58:49]} 11. e4 {[%clk 1:09:56]}
Be6 {[%clk 0:57:31]} 12. b3 {[%clk 1:09:39]} Qc7 {[%clk 0:45:10]} 13. Bb2 {[%clk
0:51:42]} Rad8 {[%clk 0:44:01]} 14. Rad1 {[%clk 0:51:20]} Rxd1 {[%clk 0:32:06]}
15. Rxd1 {[%clk 0:51:34]} h5 {[%clk 0:32:31]} 16. h3 {[%clk 0:40:43]} Rd8 {[%clk
0:26:40]} 17. Rxd8+ {[%clk 0:39:57]} Qxd8 {[%clk 0:26:57]} 18. Qd1 {[%clk
0:40:02]} Qd4 {[%clk 0:22:57]} 19. Qxd4 {[%clk 0:34:21]} exd4 {[%clk 0:20:48]}
20. Ne2 {[%clk 0:34:34]} c5 {[%clk 0:19:31]} 21. Nc1 {[%clk 0:33:25]} Nd7 {[%clk
0:16:02]} 22. f4 {[%clk 0:33:27]} Nb8 {[%clk 0:11:54]} 23. Nd3 {[%clk 0:33:19]}
b6 {[%clk 0:12:10]} 24. Kf2 {[%clk 0:29:13]} Nc6 {[%clk 0:08:56]} 25. Kf3 {[%clk
0:19:26]} a6 {[%clk 0:07:40]} 26. g4 {[%clk 0:18:25]} hxg4+ {[%clk 0:08:03]} 27.
hxg4 {[%clk 0:18:52]} Bd7 {[%clk 0:08:17]} 28. Bc1 {[%clk 0:10:04]} Kf8 {[%clk
0:06:49]} 29. Bd2 {[%clk 0:10:23]} Ke7 {[%clk 0:05:55]} 30. b4 {[%clk 0:07:59]}
Nxb4 {[%clk 0:03:29]} 31. Nxb4 {[%clk 0:08:27]} cxb4 {[%clk 0:03:51]} 32. Bxb4+
{[%clk 0:08:53]} Kd8 {[%clk 0:04:11]} 33. f5 {[%clk 0:07:28]} Be5 {[%clk
0:04:00]} 34. Ke2 {[%clk 0:07:12]} Kc7 {[%clk 0:03:19]} 35. Kd3 {[%clk 0:07:19]}
Kc6 {[%clk 0:01:44]} 36. Bf3 {[%clk 0:05:35]} Bc8 {[%clk 0:01:33]} 37. Bd1 {[%clk
0:05:55]} g5 {[%clk 0:01:31]} 38. Ba4+ {[%clk 0:04:59]} b5 {[%clk 0:01:26]} 39.
cxb5+ {[%clk 0:05:20]} axb5 {[%clk 0:01:55]} 40. Bb3 {[%clk 0:05:44]} f6 {[%clk
0:02:11]} 41. Bd5+ {[%clk 0:06:02]} Kb6 {[%clk 0:02:17]} 42. Ba3 {[%clk 0:04:54]}
Ba6 {[%clk 0:01:54]} 43. Bb4 {[%clk 0:04:47]} Bc8 {[%clk 0:02:18]} 44. Kc2 {[%clk
0:03:00]} Bd7 {[%clk 0:02:30]} 45. Kd3 {[%clk 0:02:34]} Bc8 {[%clk 0:02:40]} 46.
Kc2 {[%clk 0:02:08]} Bd7 {[%clk 0:03:00]} 1/2-1/2

[Event "Poznan Chess Festival"]
[Site "chess24.com"]
[Date "2021.08.18"]
[Round "5"]
[White "Kabzinski, Jan"]
[Black "Kostecka, Marika"]
[Result "1-0"]
[Board "13"]
[WhiteElo "1532"]
[WhiteCountry "POL"]
[WhiteFideId "21875146"]
[WhiteEloChange "17"]
[BlackElo "1833"]
[BlackTitle "WCM"]
[BlackCountry "POL"]
[BlackFideId "1193473"]
[BlackEloChange "-17"]

1. c4 {[%clk 1:30:59]} e5 {[%clk 1:30:33]} 2. Nc3 {[%clk 1:31:24]} Nf6 {[%clk
1:30:50]} 3. Nf3 {[%clk 1:31:53]} Nc6 {[%clk 1:31:13]} 4. g3 {[%clk 1:32:22]} d5
{[%clk 1:30:57]} 5. cxd5 {[%clk 1:32:50]} Nxd5 {[%clk 1:31:16]} 6. Bg2 {[%clk
1:33:19]} Nb6 {[%clk 1:31:18]} 7. O-O {[%clk 1:33:45]} Be7 {[%clk 1:30:15]} 8. a3
{[%clk 1:33:45]} Be6 {[%clk 1:30:08]} 9. b4 {[%clk 1:34:43]} O-O {[%clk 1:30:16]}
10. Rb1 {[%clk 1:35:11]} f6 {[%clk 1:30:26]} 11. d3 {[%clk 1:35:40]} a6 {[%clk
1:25:35]} 12. Ne4 {[%clk 1:35:36]} Nd5 {[%clk 1:10:24]} 13. Bb2 {[%clk 1:32:52]}
Bf7 {[%clk 0:58:10]} 14. Nc5 {[%clk 1:26:36]} b6 {[%clk 0:51:06]} 15. Nb3 {[%clk
1:24:03]} Bd6 {[%clk 0:49:27]} 16. Qc2 {[%clk 1:22:29]} Nde7 {[%clk 0:45:05]} 17.
d4 {[%clk 1:12:52]} exd4 {[%clk 0:38:53]} 18. Nfxd4 {[%clk 1:12:20]} Nxd4 {[%clk
0:39:11]} 19. Nxd4 {[%clk 1:05:23]} Rb8 {[%clk 0:37:30]} 20. Rfd1 {[%clk
1:05:06]} Qc8 {[%clk 0:34:14]} 21. Be4 {[%clk 1:00:50]} Kh8 {[%clk 0:31:21]} 22.
Nf5 {[%clk 0:56:31]} Nxf5 {[%clk 0:24:14]} 23. Bxf5 {[%clk 0:56:56]} Qe8 {[%clk
0:24:37]} 24. Rd4 {[%clk 0:49:01]} g6 {[%clk 0:19:32]} 25. Bd3 {[%clk 0:43:05]}
Be5 {[%clk 0:18:36]} 26. Re4 {[%clk 0:42:21]} Bd5 {[%clk 0:15:45]} 27. Re3 {[%clk
0:38:29]} Qf7 {[%clk 0:14:58]} 28. Bxa6 {[%clk 0:31:22]} b5 {[%clk 0:13:36]} 29.
a4 {[%clk 0:28:16]} c6 {[%clk 0:08:13]} 30. axb5 {[%clk 0:24:56]} Bc4 {[%clk
0:06:19]} 31. Qe4 {[%clk 0:12:32]} Bxb2 {[%clk 0:05:14]} 32. Rxb2 {[%clk
0:12:27]} cxb5 {[%clk 0:05:36]} 33. Qe7 {[%clk 0:12:21]} Qxe7 {[%clk 0:02:21]}
34. Rxe7 {[%clk 0:12:49]} Rfe8 {[%clk 0:02:01]} 35. Rxe8+ {[%clk 0:12:29]} Rxe8
{[%clk 0:02:31]} 36. Bb7 {[%clk 0:05:52]} Rxe2 {[%clk 0:02:25]} 37. Rxe2 {[%clk
0:05:58]} Bxe2 {[%clk 0:02:51]} 38. f4 {[%clk 0:05:59]} Kg7 {[%clk 0:02:19]} 39.
Kf2 {[%clk 0:06:27]} Bc4 {[%clk 0:02:15]} 40. Ke3 {[%clk 0:06:49]} Kh6 {[%clk
0:01:14]} 41. Bf3 {[%clk 0:06:06]} g5 {[%clk 0:01:01]} 42. fxg5+ {[%clk 0:06:12]}
Kxg5 {[%clk 0:01:14]} 43. Kd4 {[%clk 0:05:43]} f5 {[%clk 0:01:34]} 44. Ke5 {[%clk
0:05:42]} Bd3 {[%clk 0:01:41]} 45. Bd1 {[%clk 0:05:17]} Bf1 {[%clk 0:01:38]} 46.
Bc2 {[%clk 0:04:15]} h5 {[%clk 0:01:53]} 47. Bxf5 {[%clk 0:04:21]} h4 {[%clk
0:02:11]} 48. g4 {[%clk 0:04:30]} Be2 {[%clk 0:02:13]} 49. Bd7 {[%clk 0:04:43]}
Bxg4 {[%clk 0:01:20]} 50. Bxb5 {[%clk 0:05:09]} Bc8 {[%clk 0:01:03]} 51. Be2
{[%clk 0:05:30]} Bb7 {[%clk 0:00:50]} 52. b5 {[%clk 0:05:52]} h3 {[%clk 0:01:04]}
53. b6 {[%clk 0:05:57]} Bh1 {[%clk 0:00:54]} 54. Bc4 {[%clk 0:05:42]} Bb7 {[%clk
0:00:46]} 55. Be6 {[%clk 0:05:43]} Ba6 {[%clk 0:00:45]} 56. Bxh3 {[%clk 0:05:34]}
Kh4 {[%clk 0:01:10]} 57. Bg2 {[%clk 0:05:48]} Kg4 {[%clk 0:01:11]} 58. Kd4 {[%clk
0:05:28]} Kf4 {[%clk 0:01:20]} 59. Kc5 {[%clk 0:05:15]} Ke3 {[%clk 0:01:35]} 60.
Kc6 {[%clk 0:05:17]} Kf2 {[%clk 0:01:53]} 1-0

[Event "Poznan Chess Festival"]
[Site "chess24.com"]
[Date "2021.08.18"]
[Round "5"]
[White "Stempin, Pawel"]
[Black "Nowak, Roksana"]
[Result "1-0"]
[Board "14"]
[WhiteElo "2356"]
[WhiteTitle "IM"]
[WhiteCountry "POL"]
[WhiteFideId "1100068"]
[WhiteEloChange "2"]
[BlackElo "1561"]
[BlackCountry "POL"]
[BlackFideId "21847991"]
[BlackEloChange "-2"]

1. d4 {[%clk 1:30:48]} Nf6 {[%clk 1:30:51]} 2. Nf3 {[%clk 1:30:39]} g6 {[%clk
1:31:11]} 3. c4 {[%clk 1:29:45]} Bg7 {[%clk 1:31:25]} 4. g3 {[%clk 1:29:54]} O-O
{[%clk 1:31:47]} 5. Bg2 {[%clk 1:30:14]} d6 {[%clk 1:32:03]} 6. O-O {[%clk
1:28:32]} Nc6 {[%clk 1:31:56]} 7. d5 {[%clk 1:23:22]} Na5 {[%clk 1:25:35]} 8.
Nfd2 {[%clk 1:23:39]} c5 {[%clk 1:23:41]} 9. a3 {[%clk 1:23:43]} b6 {[%clk
1:23:35]} 10. b4 {[%clk 1:20:50]} Nb7 {[%clk 1:21:16]} 11. Bb2 {[%clk 1:19:58]}
Nh5 {[%clk 1:19:37]} 12. Bxg7 {[%clk 1:19:31]} Nxg7 {[%clk 1:19:47]} 13. Nc3
{[%clk 1:19:43]} Bd7 {[%clk 1:19:09]} 14. Rb1 {[%clk 1:17:05]} Qc8 {[%clk
1:18:26]} 15. e4 {[%clk 1:12:44]} e5 {[%clk 1:12:42]} 16. dxe6 {[%clk 0:58:48]}
Bxe6 {[%clk 1:08:39]} 17. Nd5 {[%clk 0:56:19]} Bxd5 {[%clk 1:07:51]} 18. cxd5
{[%clk 0:56:30]} Qd7 {[%clk 1:07:05]} 19. f4 {[%clk 0:49:45]} f6 {[%clk 0:57:46]}
20. Re1 {[%clk 0:49:01]} Rac8 {[%clk 0:52:30]} 21. Qb3 {[%clk 0:45:45]} Kh8
{[%clk 0:47:57]} 22. Nc4 {[%clk 0:41:08]} b5 {[%clk 0:45:36]} 23. Ne3 {[%clk
0:41:23]} c4 {[%clk 0:44:31]} 24. Qc3 {[%clk 0:41:42]} Rce8 {[%clk 0:43:40]} 25.
Nc2 {[%clk 0:41:10]} Nd8 {[%clk 0:40:38]} 26. Nd4 {[%clk 0:40:13]} Kg8 {[%clk
0:38:13]} 27. Ra1 {[%clk 0:38:55]} Re7 {[%clk 0:35:41]} 28. a4 {[%clk 0:38:20]}
bxa4 {[%clk 0:33:48]} 29. Qxc4 {[%clk 0:38:31]} Qb7 {[%clk 0:33:19]} 30. Rxa4
{[%clk 0:38:15]} Qb6 {[%clk 0:32:54]} 31. Kh1 {[%clk 0:33:17]} Rc7 {[%clk
0:31:25]} 32. Qd3 {[%clk 0:31:49]} Rff7 {[%clk 0:30:10]} 33. Rb1 {[%clk 0:31:28]}
Rb7 {[%clk 0:29:00]} 34. Ra6 {[%clk 0:25:31]} Qc7 {[%clk 0:29:28]} 35. Nb5 {[%clk
0:25:36]} Rxb5 {[%clk 0:28:57]} 36. Qxb5 {[%clk 0:25:56]} Qc2 {[%clk 0:29:20]}
37. Qf1 {[%clk 0:25:50]} Rc7 {[%clk 0:29:04]} 38. Rxd6 {[%clk 0:25:22]} 1-0

[Event "Poznan Chess Festival"]
[Site "chess24.com"]
[Date "2021.08.18"]
[Round "5"]
[White "Grynia, Jakub"]
[Black "Andrzejewska, Anna"]
[Result "0-1"]
[Board "15"]
[WhiteElo "1399"]
[WhiteCountry "POL"]
[WhiteFideId "41802551"]
[WhiteEloChange "-2"]
[BlackElo "1948"]
[BlackTitle "WCM"]
[BlackCountry "POL"]
[BlackFideId "1127284"]
[BlackEloChange "2"]

1. d4 {[%clk 1:30:30]} d5 {[%clk 1:30:43]} 2. c4 {[%clk 1:30:54]} e6 {[%clk
1:31:03]} 3. Nf3 {[%clk 1:31:14]} c6 {[%clk 1:31:21]} 4. e3 {[%clk 1:31:33]} Nf6
{[%clk 1:31:14]} 5. Nc3 {[%clk 1:31:46]} Be7 {[%clk 1:31:00]} 6. Qc2 {[%clk
1:31:38]} O-O {[%clk 1:30:18]} 7. Bd3 {[%clk 1:31:41]} dxc4 {[%clk 1:27:45]} 8.
Bxc4 {[%clk 1:31:55]} b5 {[%clk 1:26:12]} 9. Bb3 {[%clk 1:29:54]} Bb7 {[%clk
1:23:02]} 10. a3 {[%clk 1:26:39]} a6 {[%clk 1:16:25]} 11. Ne4 {[%clk 1:22:15]}
Nxe4 {[%clk 1:07:53]} 12. Qxe4 {[%clk 1:22:39]} Nd7 {[%clk 1:07:40]} 13. Bd2
{[%clk 1:16:42]} Nf6 {[%clk 1:03:39]} 14. Qd3 {[%clk 1:14:45]} c5 {[%clk
1:02:35]} 15. Bc2 {[%clk 1:07:26]} Be4 {[%clk 1:00:21]} 16. Qb3 {[%clk 1:04:48]}
c4 {[%clk 0:56:13]} 17. Qc3 {[%clk 1:04:50]} Nd5 {[%clk 0:55:54]} 18. Bxe4 {[%clk
1:04:51]} Nxc3 {[%clk 0:56:13]} 19. Bxa8 {[%clk 1:05:15]} Na4 {[%clk 0:52:14]}
20. Bb7 {[%clk 1:04:52]} Nxb2 {[%clk 0:48:43]} 21. Bxa6 {[%clk 1:05:04]} Qb6
{[%clk 0:44:17]} 22. Bxb5 {[%clk 1:05:10]} Nd3+ {[%clk 0:41:57]} 23. Ke2 {[%clk
1:05:34]} Qxb5 {[%clk 0:42:16]} 24. Rhb1 {[%clk 1:05:40]} Qa4 {[%clk 0:38:37]}
25. Bc3 {[%clk 1:04:44]} Qc2+ {[%clk 0:35:11]} 26. Bd2 {[%clk 1:04:20]} c3 {[%clk
0:35:12]} 27. a4 {[%clk 1:00:39]} cxd2 {[%clk 0:33:39]} 28. Nxd2 {[%clk 1:01:03]}
Bb4 {[%clk 0:32:15]} 29. Rd1 {[%clk 1:00:16]} Nb2 {[%clk 0:30:59]} 30. Rac1
{[%clk 0:58:49]} Qxd1+ {[%clk 0:30:58]} 0-1